Querétaro (Record no. 1494)
[ view plain ]
| 000 -CABECERA | |
|---|---|
| campo de control de longitud fija | 00842nam a2200229 a 4500 |
| 001 - NÚMERO DE CONTROL | |
| campo de control | BRCA_1703 |
| 005 - FECHA Y HORA DE LA ÚLTIMA TRANSACCIÓN | |
| campo de control | 20190320203520.0 |
| 008 - DATOS DE LONGITUD FIJA--INFORMACIÓN GENERAL | |
| campo de control de longitud fija | 930408s1994 mx-a---##b---s000-0#spa-# |
| 020 ## - NÚMERO INTERNACIONAL ESTÁNDAR DEL LIBRO | |
| Número Internacional Estándar del Libro | 9686084673 |
| 040 ## - FUENTE DE LA CATALOGACIÓN | |
| Centro catalogador/agencia de origen | DLC |
| Centro/agencia transcriptor | DLC |
| Centro/agencia modificador | DLC |
| 050 #4 - SIGNATURA TOPOGRÁFICA DE LA BIBLIOTECA DEL CONGRESO | |
| Número de clasificación | F1391.Q9 |
| Número de documento/Ítem | .Q94 1994 |
| 245 10 - MENCIÓN DE TÍTULO | |
| Título | Querétaro |
| Resto del título | tesoros de la Sierra Gorda |
| Mención de responsabilidad, etc. | [texto Jaime Ortiz Lajous]. |
| 260 ## - PUBLICACIÓN, DISTRIBUCIÓN, ETC. | |
| Lugar de publicación, distribución, etc. | México |
| Nombre del editor, distribuidor, etc. | Gobierno del Estado de Querétaro : Grupo Azabache : Mosaico Mexicano |
| Fecha de publicación, distribución, etc. | 1994 |
| 300 ## - DESCRIPCIÓN FÍSICA | |
| Extensión | 155 p. |
| Otras características físicas | il. a color |
| Dimensiones | 30 cm. |
| 504 ## - NOTA DE BIBLIOGRAFÍA, ETC. | |
| Nota de bibliografía, etc. | Bibliografía: p. 155 |
| 650 14 - PUNTO DE ACCESO ADICIONAL DE MATERIA--TÉRMINO DE MATERIA | |
| Término de materia o nombre geográfico como elemento de entrada | Arte colonial |
| Subdivisión geográfica | Sierra Gorda, Queretaro (México) |
| 9 (RLIN) | 5321 |
| 650 14 - PUNTO DE ACCESO ADICIONAL DE MATERIA--TÉRMINO DE MATERIA | |
| Término de materia o nombre geográfico como elemento de entrada | Arte cristiano y simbolismo |
| Subdivisión geográfica | México |
| 9 (RLIN) | 42 |
| 650 14 - PUNTO DE ACCESO ADICIONAL DE MATERIA--TÉRMINO DE MATERIA | |
| Término de materia o nombre geográfico como elemento de entrada | Misiones españolas |
| Subdivisión general | Edificios, estructuras, etc. |
| Subdivisión geográfica | México |
| 9 (RLIN) | 5322 |
| 651 #4 - PUNTO DE ACCESO ADICIONAL DE MATERIA--NOMBRE GEOGRÁFICO | |
| Nombre geográfico | Queretaro |
| Subdivisión general | Historia |
| Subdivisión geográfica | México |
| 9 (RLIN) | 5323 |
| 700 1# - PUNTO DE ACCESO ADICIONAL--NOMBRE DE PERSONA | |
| Nombre de persona | Ortiz Lajous, Jaime |
| 9 (RLIN) | 3911 |
| 942 ## - ELEMENTOS DE PUNTO DE ACCESO ADICIONAL (KOHA) | |
| Fuente del sistema de clasificación o colocación | Library of Congress Classification |
| Tipo de ítem Koha | Libros |
| Estado de retiro | Estado de pérdida | Estado dañado | No para préstamo | Localización permanente | Ubicación/localización actual | Fecha de adquisición | Total de préstamos | Signatura topográfica completa | Código de barras | Fecha visto por última vez | Precio válido a partir de | Tipo de ítem Koha |
|---|---|---|---|---|---|---|---|---|---|---|---|---|
| El ejemplar forma parte de la colección y puede ser consultado según las políticas vigentes. | Biblioteca del Museo Franz Mayer (Rogerio Casas-Alatriste) | Biblioteca del Museo Franz Mayer (Rogerio Casas-Alatriste) | 27/06/2008 | F1391.Q9 .Q94 1994 | 02340 | 22/03/2019 | 22/03/2019 | Libros |